Loading...
| History - European | 0 | 14 | 2 | 2 | 130 | 43 | 78.43 | 4 | 6 | 0.00 | 0.00 |
| History - American | 0 | 10 | 1 | 0 | 95 | 35 | 86.00 | 3 | 5 | 0.00 | 0.00 |
| Any History | 0 | 10 | 2 | 1 | 90 | 58 | 91.40 | 2 | 5 | 0.00 | 0.00 |
| History - World | 0 | 7 | 3 | 0 | 55 | 71 | 89.57 | 1 | 2 | 0.00 | 0.00 |
| Geography | 0 | 3 | 1 | 1 | 25 | 85 | 106.33 | 0 | 1 | 0.00 | 0.00 |
| Mythology | 0 | 2 | 0 | 0 | 20 | 52 | 89.00 | 0 | 1 | 0.00 | 0.00 |
| Other Academic | 0 | 2 | 0 | 1 | 20 | 105 | 116.50 | 0 | 0 | 0.00 | 0.00 |
| Literature - British | 0 | 1 | 0 | 0 | 10 | 99 | 99.00 | 0 | 0 | 0.00 | 0.00 |
| Fine Arts - Other | 0 | 1 | 0 | 1 | 10 | 135 | 135.00 | 0 | 0 | 0.00 | 0.00 |
| Literature - European | 0 | 1 | 0 | 0 | 10 | 68 | 68.00 | 0 | 1 | 0.00 | 0.00 |
| Literature - World | 0 | 1 | 0 | 0 | 10 | 89 | 89.00 | 0 | 0 | 0.00 | 0.00 |
| Religion | 0 | 1 | 1 | 0 | 5 | 97 | 97.00 | 0 | 0 | 0.00 | 0.00 |
| Literature - American | 0 | 0 | 1 | 0 | -5 | 0.00 | 0 | 0 | 0.00 | 0.00 | |
| Painting & Sculpture | 0 | 0 | 1 | 0 | -5 | 0.00 | 0 | 0 | 0.00 | 0.00 |